Non-continuous additive generators of t-norms

Bibliographic Details
Main Author: Viceník, Peter (Author)
Format: Article
Language:English
ISBN:8022711314

MARC

LEADER 00000naa a2200000uu 4500
001 vtls010940235
003 SK-MaSNL
005 20260302123025.0
008 210902|1998 xo |||||||||||||||||eng|
015 |a SNBRA 
035 |a (urnnbn)urn:nbn:sk:snk:ar-a0bb4v 
035 |a (uuid)b77c1589-8743-4e15-a093-85ca5332225a 
035 |a urn:nbn:sk:snk-aau3f3 
040 |a SNKBUCL  |b slo  |c SNKBUCL  |e AACR2 
041 0 |a eng 
044 |a xo  |c SK 
100 1 |a Viceník, Peter  |4 aut  |9 807352 
245 1 0 |a Non-continuous additive generators of t-norms  |c Peter Viceník 
773 0 |t 60. výročie Stavebnej fakulty STU v Bratislave  |d Bratislava : [Slovenská technická univerzita], 1998, 1998  |g S. 187-190  |z 8022711314 
958 |a OND 
958 |a article11 
958 |a chapter 
999 |c 1280916  |d 1282846